Bats from french Guania: a taxonomic, faunistic and ecological approach (Registro nro. 10388)

Detalles MARC
000 -CABECERA
Campo de control 005620000a22001810004500
090 ## - CLASIFICACIÓN LOCAL
Colección AR
Consecutivo 01303
041 0# - IDIOMA
Código de idioma para texto/pista de sonido o título separado
100 1# - ASIENTO PRINCIPAL--NOMBRE PERSONAL
Nombre personal Brosset, A.
245 10 - MENCION DE TITULO
Título Bats from french Guania: a taxonomic, faunistic and ecological approach
650 14 - ASIENTO SECUNDARIO DE MATERIA - TERMINO TEMATICO
Término temático o nombre geográfico como elemento de entrada Taxonomía animal
650 14 - ASIENTO SECUNDARIO DE MATERIA - TERMINO TEMATICO
Término temático o nombre geográfico como elemento de entrada Dispersión de semillas
650 14 - ASIENTO SECUNDARIO DE MATERIA - TERMINO TEMATICO
Término temático o nombre geográfico como elemento de entrada Ecología de poblaciones
650 14 - ASIENTO SECUNDARIO DE MATERIA - TERMINO TEMATICO
Término temático o nombre geográfico como elemento de entrada Murciélagos
651 #4 - ASIENTO SECUNDARIO DE MATERIA - NOMBRE GEOGRAFICO
-- Guyana francesa
700 1# - ASIENTO SECUNDARIO - NOMBRE PERSONAL
Nombre personal Charles Dominique, Pierre
773 1# - Item fuente:
Título Mammalia
Especificación de materiales 204
Descripción física 4
Paginas del Articulo 509-560
Lugar, editorial y fecha de publicación 1990
Información sobre la relación 54
942 ## - ELEMENTOS ADICIONALES (KOHA)
Tipo de ítem Artículo
Existencias
Withdrawn status Lost status Damaged status No para préstamo Colección Ubicación Permanente Ubicación actual Fecha de adquisición Fuente de Valor Datos de publicación Seriada Total Checkouts Número topográfico Inventario / Código de Barras Date last seen Ejemplar Price effective from Forma de adquisición Tipo de material
      No para Préstamo Hemeroteca Bogotá Bogotá 27/02/2015 Muñoz Saba, Yaneth Fuera de circulación   AR 01303 011645 25/03/2015 1 25/03/2015   Artículo